Triết học Mác - Lênin: Bài giảng cho sinh viên

Enregistré dans:
Détails bibliographiques
Format: Livre
Langue:Undetermined
Publié: Hà Nội Khoa học Kỹ thuật 2005
Sujets:
Tags: Ajouter un tag
Pas de tags, Soyez le premier à ajouter un tag!
Thư viện lưu trữ: Trung tâm Học liệu Trường Đại học Cần Thơ
LEADER 00625nam a2200193Ia 4500
001 CTU_92502
008 210402s9999 xx 000 0 und d
020 |c 9000 
082 |a 335.411 
082 |b Tr308 
245 0 |a Triết học Mác - Lênin: 
245 0 |b Bài giảng cho sinh viên 
245 0 |c Đinh Thanh Xuân ... [ et al. ] 
260 |a Hà Nội 
260 |b Khoa học Kỹ thuật 
260 |c 2005 
650 |a Marxism-leninism 
904 |i Minh, Mai chuyển từ 146.32 thành 335.411 chưa in nhãn,Qhieu đã sửa 
980 |a Trung tâm Học liệu Trường Đại học Cần Thơ